=LDR 00000nam 2200000 4500 =001 NUTBA000000000001231 =005 20140819171224.0 =006 =007 =008 =035 ##$$a 0010-041400000000501 =082 ##$$a 372.7 =100 ##$$a yusp kr $l indonesia $t belajar 123 =245 ##$$a mudah & lancar berhitung $b belajar 123 =260 ##$$a Yogyakarta $b ANDI $c 2010 =300 ##$$a 30 hal. $b ilus $c 28 cm =850 ##$$a NBPBMAT =990 ##$$a 4403644036